00413nam a2200157Ia 4500003000400000005001700004008004100021020001500062050002300077100002100100245005100121260003500172300003300207521000700240526000800247OSt20140319083317.0140130s9999 xx 000 0 und d a0590442899 aPZ 7b.B852Cg 1980 aBridwell, Norman aClifford goes to hollywood /cBridwell, Norman bScholastic,c1980.aNew York : a30 p. :bcol. ill. ;c19 cm. aG2 c370